Le 50 città più popolose della Germania - Statistics

Statistiche generali
  • Questo quiz è stato fatto 102 volte
  • Il punteggio medio è 21 su 50
Statistiche sulle risposte
Hint Risposta % Corretto
1 Berlino
99%
3 Monaco
93%
2 Amburgo
90%
4 Colonia
83%
8 Lipsia
83%
9 Dortmund
80%
11 Brema
76%
6 Stoccarda
75%
7 Düsseldorf
74%
5 Francoforte sul Meno
73%
19 Bonn
70%
12 Dresda
70%
14 Norimberga
70%
13 Hannover
63%
28 Kiel
63%
36 Magonza
60%
10 Essen
54%
39 Rostock
50%
22 Mannheim
49%
23 Augusta
46%
35 Lubecca
44%
44 Potsdam
44%
49 Leverkusen
43%
21 Karlsruhe
41%
32 Magdeburgo
40%
42 Saarbrücken
40%
15 Duisburg
39%
20 Munster
35%
26 Gelsenkirchen
33%
50 Heidelberg
31%
18 Bielefeld
30%
16 Bochum
30%
37 Erfurt
30%
29 Aquisgrana
29%
24 Wiesbaden
28%
48 Osnabrück
26%
25 Mönchengladbach
25%
40 Kassel
23%
17 Wuppertal
20%
31 Halle
19%
27 Braunschweig
18%
33 Friburgo in Brisgovia
18%
30 Chemnitz
13%
47 Oldenburg
10%
43 Hamm
6%
34 Krefeld
6%
41 Hagen
5%
38 Oberhausen
5%
45 Ludwigshafen am Rhein
1%
46 Mülheim an der Ruhr
0%
Nessun quiz corrispondente trovato
Distribuzione punteggi
Percentuale di utenti per punteggio
Percentile per numero di risposta
I tuoi punteggi nel tempo
Non hai fatto questo quiz